000 00616nam a22001817a 4500
005 20260105123841.0
008 260105b |||||||| |||| 00| 0 eng d
037 _cTB
040 _aAL
_cAL
084 _qAL
100 _aनगेन्द्र संपा.
_9861830
245 _aतुलनात्मक साहित्य
260 _aनई दिल्ली, भारत:
_bनैशनल पब्लिकैशन हाउस,
_c1985.
300 _a104 p.
365 _b30.00
_cINR
942 _2CC
_cTB
_n0
999 _c1466871
_d1466871